000 00471nam a2200145Ia 4500
008 100122s9999 xx 000 0 und d
082 _b53989
_a823.08.5
100 _aजावडेकर सुबोध
245 _aसंगणकाची सावली
260 _bरविराज प्रकाशन
_c1997
300 _a152
630 _aसंगणकाची सावली
730 _aसंगणकाची सावली
942 _cBOOK
999 _c430898
_d430895